00922nam a2200265Ia 4500003000400000005001700004008004100021020001800062040001800080041000800098082002100106100002900127245011200156250000800268260003100276300002700307650002500334650003500359650003100394650002900425700002800454942003000482999001900512952012500531OSt20240518105238.0210716s2013 xx 000 0 und d a9780349404875 cAIMIT LIBRARY aeng a374.22 21bNEFJ aNeffinger, John.9166027 aCompelling people : bthe hidden qualities that make us influential /cBy John Neffinger and Matthew Kohut. a1st aLondon :c2013.bPiatkus , axvi,315p. ;bPBc20 cm aThe big idea9166028 aThe hand you are dealt9166029 aPaying in the hand9166030 aPlaying the hand9166031 aKohut, Matthew.9166032 2ddccBKe1stk374.22 NEFJ c208693d208693 001040708MBAaAIMITbAIMITd2014-10-18g375.00l0o374.22 NEFJpMBA11259r2025-07-21 00:00:00v281.25w2021-07-16yBK